000 00344nam a22001577a 4500
003 SGT
020 _a978-93-8669-109-5
082 _a611
_bE17K
100 _aKUMAR, BRIJESH
245 _aEMBRYOLOGY TEXT & ATLAS
250 _a1ST
260 _aINDIA
_bWOTLERS KLUWER
_c2017
300 _a278
650 _aANATOMY
942 _2ddc
_cBK
_059
999 _c15567
_d15567